000 01138nam a2200325 p 4500
001 7894
003 BD-RjUL
005 20211208234507.0
008 160114s1975 nyka b 001 0 eng
020 _a0444107800 (American Elsevier) :
020 _a0720461804
020 _a0720462002
035 _a(BD-RjUL)7938
040 _aDLC
_cDLC
_dDLC
_dBD-RjUL
_beng
041 _aeng
082 0 0 _a425
_bCOM
245 1 0 _aCompound adjectives in English and the ideal speaker-listener :
_ba study of compounding in a transformational-generative framework /
_c[by] W. J. Meys.
260 _aAmsterdam ;
_aNew York :
_bNorth-Holland Pub. Co. ,
_bAmerican Elsevier Publishing Company,
_cc1975.
300 _axiii, 226 p. :
_bill. ;
_c23 cm.
490 0 _aNorth-Holland linguistic series
_vv. 18
500 _aIncludes indexes.
504 _aBibliography: p. 205-213.
650 0 _aEnglish language
_xCompound words.
_924638
650 0 _aEnglish language
_xAdjective.
_924639
650 0 _aEnglish language
_xGrammar, Generative.
_924640
700 1 _aMeys, W. J.
_924641
942 _2ddc
_cBK
999 _c7894
_d7894